01075nam a22002537a 450000500170000001000130001702000230003003500130005303700160006604000120008208200340009410000300012824501320015824600610029026000860035127001040043730000530054149000680059465000460066265000390070865000210074765000150076870000380078320170124102932.0 aB-105326 c200.00a8170166438 aB-105326 bCen Lib/Ret aDPLbHN a821.08bत्रिलोच aत्रिलोचन, aमेरे साक्षात्कार /cत्रिलोचन; संपादक श्याम शुशील  aMere sakshaatkar /bby Trilochan; sampadak Shyam Shushil aनयी दिल्ली bकिताबघर प्रकाशन c2004 a24, अंसारी रोड, दरिया गंज bनयी दिल्ली e110002 a168पृ. c21सेमी (सजिल्द) aमेरे साक्षात्कार सीरीज  aहिन्दी साहित्य  aसाक्षात्कार  aHindi literature aInterviews aशुशील, श्याम